Northwestern States - Statistics

General Stats
  • This quiz has been taken 19 times
  • The average score is 7 of 7
Answers on the Map
Answers color-coded by a green-red scale on the quiz's map according to % correct below.
 
Answer Stats
Answer % Correct
Idaho
100%
Montana
100%
Oregon
100%
Washington
100%
Alaska
94%
Wyoming
89%
Hawaii
67%
No matching quizzes found
Score Distribution
Percent of People with Each Score
Percentile by Number Answered
Your Score History
You have not taken this quiz